Wohin guckst du? - Statistiken

Allgemein
  • Dieses Quiz wurde 182 mal gespielt
  • Das Durchschnittsergebnis liegt bei 3 aus 8
Antwortstatistiken
Hint Antwort % Korrekt
Du guckst nach Norden. Drehe dich nach links. Nun guckst du nach Westen
97%
Umdrehen - Umdrehen - Links - Umdrehen Osten
43%
Links - Umdrehen - Links Norden
42%
Rechts - Umdrehen - Rechts - Links - Links Süden
38%
Rechts - Umdrehen - Links - Rechts - Rechts - Umdrehen - Links - Rechts Süden
35%
Links - Rechts - Umdrehen - Links - Umdrehen - Rechts Norden
33%
Umdrehen - Links - Umdrehen - Umdrehen - Links - Umdrehen - Rechts Westen
29%
Dreh dich um - Dreh dich nach links Osten
26%
Keine übereinstimmenden Quizze gefunden
Verteilung der Resultate
Anzahl Personen mit jedem Resultat
Perzentil nach korrekt beantworteten Fragen
Ihre Resultats-Entwicklung
Sie haben dieses Quiz noch nicht gespielt